书目信息 |
| 题名: |
旅行,人生最有价值的投资
|
|
| 作者: | 罗杰斯 著 ;张俊生 译 | |
| 分册: | ||
| 出版信息: | 北京 中信出版社 2011.07 |
|
| 页数: | 367页 | |
| 开本: | 21cm | |
| 丛书名: | ||
| 单 册: | ||
| 中图分类: | I712.65 | |
| 科图分类: | ||
| 主题词: | 游记--作品集--美国--现代 , 游记 | |
| 电子资源: | ||
| ISBN: | 978-7-5086-2850-9 | |
| 000 | 01221nam0 2200313 450 | |
| 001 | 1251096003 | |
| 005 | 20120109141251.45 | |
| 010 | @a978-7-5086-2850-9@dCNY32.00 | |
| 049 | @aA210000LPL@bUCS01004922646@c012004555776 | |
| 090 | @aI712.6@bljs | |
| 096 | @aI712.6@bljs | |
| 100 | @a20110815d2011 em y0chiy50 ea | |
| 101 | 1 | @achi@ceng |
| 102 | @aCN@b110000 | |
| 105 | @aab z 000cy | |
| 200 | 1 | @a旅行,人生最有价值的投资@b专著@f(美)吉姆·罗杰斯(Jim Rogers)著@g张俊生译@9lv xing , ren sheng zui you jia zhi de tou zi |
| 205 | @a2版 | |
| 210 | @a北京@c中信出版社@d2011.07 | |
| 215 | @a367页@c照片,地图@d21cm | |
| 312 | @a英文原文:Investment biker: aroud the world with Jim Rogers | |
| 330 | @a本书记录了投资大师吉姆·罗杰斯在20世纪90年代初作的一次惊险刺激的环球旅行。历时22个月,近10万公里的路程,横跨6大洲52个国家和地区,经历着旅行的喜怒哀乐,也重新审视着生命的意义。 | |
| 510 | 1 | @aInvestment biker@earoud the world with Jim Roger@zeng |
| 606 | 0 | @a游记@x作品集@y美国@z现代 |
| 606 | 0 | @a游记 |
| 690 | @aI712.65@v4 | |
| 701 | 0 | @c(美)@a罗杰斯@c(Rogers, Jim@f1942~)@4著@9luo jie si |
| 702 | 0 | @a张俊生@4译@9zhang jun sheng |
| 801 | 0 | @aCN@b110017@c20110812 |
| 905 | @aZUCC@dI712.65@eL946 | |
| 旅行,人生最有价值的投资/(美)吉姆·罗杰斯(Jim Rogers)著/张俊生译.-2版.-北京:中信出版社,2011.07 |
| 367页:照片,地图;21cm |
| ISBN 978-7-5086-2850-9:CNY32.00 |
| 本书记录了投资大师吉姆·罗杰斯在20世纪90年代初作的一次惊险刺激的环球旅行。历时22个月,近10万公里的路程,横跨6大洲52个国家和地区,经历着旅行的喜怒哀乐,也重新审视着生命的意义。 |
| ● |
| 相关链接 |
|
|
|
正题名:旅行,人生最有价值的投资
索取号:I712.65/L946
 
预约/预借
| 序号 | 登录号 | 条形码 | 馆藏地/架位号 | 状态 | 备注 |
| 1 | 481443 | 204814433 | 文学库116/116文学库 30排4列1层/ [索取号:I712.65/L946] | 在馆 | |
| 2 | 481444 | 204814442 | 社科二线422/116文学库 30排4列1层/ [索取号:I712.65/L946] | 在馆 | |
| 3 | 481445 | 204814451 | 文学库116/116文学库 30排4列1层/ [索取号:I712.65/L946] | 在馆 |